<?xml version="1.0" encoding="UTF-8"?>
<record
    xmlns:xsi="http://www.w3.org/2001/XMLSchema-instance"
    xsi:schemaLocation="http://www.loc.gov/MARC21/slim http://www.loc.gov/standards/marcxml/schema/MARC21slim.xsd"
    xmlns="http://www.loc.gov/MARC21/slim">

  <leader>00675nam a22002057a 4500</leader>
  <controlfield tag="005">20240517054129.0</controlfield>
  <controlfield tag="008">240517b        |||||||| |||| 00| 0 eng d</controlfield>
  <datafield tag="020" ind1=" " ind2=" ">
    <subfield code="a">9789393864291</subfield>
  </datafield>
  <datafield tag="040" ind1=" " ind2=" ">
    <subfield code="a">IN-DiNC</subfield>
    <subfield code="c">IN-DiNC</subfield>
  </datafield>
  <datafield tag="041" ind1=" " ind2=" ">
    <subfield code="d">asm</subfield>
  </datafield>
  <datafield tag="082" ind1=" " ind2=" ">
    <subfield code="a">338.9</subfield>
    <subfield code="b">DEV</subfield>
  </datafield>
  <datafield tag="245" ind1=" " ind2=" ">
    <subfield code="a">Development in North East India:</subfield>
    <subfield code="b">issues and prospects/</subfield>
    <subfield code="c">ed. by Bedabrat Saikia, Romen Kalita and Jamanur Rahman</subfield>
  </datafield>
  <datafield tag="260" ind1=" " ind2=" ">
    <subfield code="a">Guwahati:</subfield>
    <subfield code="b">Assam College Teachers Association,</subfield>
    <subfield code="c">2024.</subfield>
  </datafield>
  <datafield tag="300" ind1=" " ind2=" ">
    <subfield code="a">xviii, 282p.</subfield>
  </datafield>
  <datafield tag="650" ind1=" " ind2=" ">
    <subfield code="a">Economic development in North East India</subfield>
  </datafield>
  <datafield tag="700" ind1=" " ind2=" ">
    <subfield code="a">Saikia, Bedabrat</subfield>
    <subfield code="e">Editor</subfield>
  </datafield>
  <datafield tag="700" ind1=" " ind2=" ">
    <subfield code="a">Kalita, Romen</subfield>
    <subfield code="e">Editor</subfield>
  </datafield>
  <datafield tag="700" ind1=" " ind2=" ">
    <subfield code="a">Rahman, Jamanur</subfield>
    <subfield code="e">Editor</subfield>
  </datafield>
  <datafield tag="942" ind1=" " ind2=" ">
    <subfield code="2">ddc</subfield>
    <subfield code="c">BK</subfield>
  </datafield>
  <datafield tag="999" ind1=" " ind2=" ">
    <subfield code="c">11820</subfield>
    <subfield code="d">11820</subfield>
  </datafield>
  <datafield tag="952" ind1=" " ind2=" ">
    <subfield code="0">0</subfield>
    <subfield code="1">0</subfield>
    <subfield code="2">ddc</subfield>
    <subfield code="4">0</subfield>
    <subfield code="7">0</subfield>
    <subfield code="8">ECO</subfield>
    <subfield code="a">MAIN</subfield>
    <subfield code="b">MAIN</subfield>
    <subfield code="c">GEN</subfield>
    <subfield code="d">2024-05-17</subfield>
    <subfield code="g">550.00</subfield>
    <subfield code="l">0</subfield>
    <subfield code="o">338.9 DEV</subfield>
    <subfield code="p">29985</subfield>
    <subfield code="r">2024-05-17 05:42:12</subfield>
    <subfield code="t">1</subfield>
    <subfield code="w">2024-05-17</subfield>
    <subfield code="y">BK</subfield>
  </datafield>
</record>
